<?xml version="1.0" encoding="UTF-8"?>
<record
    xmlns:xsi="http://www.w3.org/2001/XMLSchema-instance"
    xsi:schemaLocation="http://www.loc.gov/MARC21/slim http://www.loc.gov/standards/marcxml/schema/MARC21slim.xsd"
    xmlns="http://www.loc.gov/MARC21/slim">

  <leader>01487nam a2200289   4500</leader>
  <controlfield tag="001">009154</controlfield>
  <controlfield tag="003">AR-CdUEA</controlfield>
  <controlfield tag="005">20220326193251.0</controlfield>
  <controlfield tag="008">090912s2003    sp ||||||||||_||||||spa|d</controlfield>
  <datafield tag="020" ind1=" " ind2=" ">
    <subfield code="a">844601307X</subfield>
  </datafield>
  <datafield tag="040" ind1=" " ind2=" ">
    <subfield code="a">AR-CdUEA</subfield>
    <subfield code="c">vbnnmjhyrr</subfield>
  </datafield>
  <datafield tag="082" ind1=" " ind2=" ">
    <subfield code="a">701</subfield>
    <subfield code="b">D194m</subfield>
  </datafield>
  <datafield tag="100" ind1="1" ind2=" ">
    <subfield code="a">Danto, Arthur Coleman, </subfield>
    <subfield code="d">1924-</subfield>
    <subfield code="9">690</subfield>
  </datafield>
  <datafield tag="245" ind1="1" ind2="0">
    <subfield code="a">M&#xE1;s all&#xE1; de la caja brillo : </subfield>
    <subfield code="b">las artes visuales desde la perspectiva posthist&#xF3;rica / </subfield>
    <subfield code="c">Arthur C. Danto ; traducci&#xF3;n de Alfredo Brotons Mu&#xF1;oz.</subfield>
  </datafield>
  <datafield tag="260" ind1=" " ind2=" ">
    <subfield code="a">Madrid : </subfield>
    <subfield code="b">Ediciones Akal, </subfield>
    <subfield code="c">2003.</subfield>
  </datafield>
  <datafield tag="300" ind1=" " ind2=" ">
    <subfield code="a">236 p. : </subfield>
    <subfield code="b">il. byn ; </subfield>
    <subfield code="c">24 cm.</subfield>
  </datafield>
  <datafield tag="490" ind1="0" ind2=" ">
    <subfield code="a">Akal. Arte contempor&#xE1;neo ; </subfield>
    <subfield code="v">12</subfield>
  </datafield>
  <datafield tag="505" ind1="0" ind2=" ">
    <subfield code="a">Los animales como historiadores del arte : reflexiones sobre el ojo inocente -- El mundo del arte revisitado : comedias de similitud -- Las expresiones simb&#xF3;licas t el yo -- Met&#xE1;fora y cognici&#xF3;n -- Arte y artefacto en Africa -- Formas de los pasados art&#xED;sticos, Oriente y Occidente -- La botella de la Coca Cola expresionista y abstracta -- Arte superior, arte inferior y el esp&#xED;ritu de la historia -- Censura y subvenci&#xF3;n en las artes -- Arte peligroso -- El museo de los museos -- Aprendiendo a vivir con el pluralismo -- Narrativa y estilo.</subfield>
  </datafield>
  <datafield tag="650" ind1=" " ind2="4">
    <subfield code="a">ESTETICA</subfield>
    <subfield code="9">138</subfield>
  </datafield>
  <datafield tag="650" ind1=" " ind2="4">
    <subfield code="a">arte</subfield>
    <subfield code="x">estetica</subfield>
    <subfield code="x">filosofia del arte</subfield>
    <subfield code="9">691</subfield>
  </datafield>
  <datafield tag="650" ind1=" " ind2="4">
    <subfield code="a">FILOSOFIA DEL ARTE</subfield>
    <subfield code="9">157</subfield>
  </datafield>
  <datafield tag="650" ind1=" " ind2="4">
    <subfield code="a">ENSAYOS CULTURALES</subfield>
    <subfield code="9">307</subfield>
  </datafield>
  <datafield tag="650" ind1=" " ind2="4">
    <subfield code="a">CRITICA CULTURAL</subfield>
    <subfield code="9">692</subfield>
  </datafield>
  <datafield tag="650" ind1=" " ind2="4">
    <subfield code="a">CULTURA</subfield>
    <subfield code="9">113</subfield>
  </datafield>
  <datafield tag="650" ind1=" " ind2="4">
    <subfield code="a">PLURALISMO</subfield>
    <subfield code="9">693</subfield>
  </datafield>
  <datafield tag="650" ind1=" " ind2="4">
    <subfield code="a">CENSURA</subfield>
    <subfield code="9">694</subfield>
  </datafield>
  <datafield tag="999" ind1=" " ind2=" ">
    <subfield code="c">138</subfield>
    <subfield code="d">138</subfield>
  </datafield>
  <datafield tag="952" ind1=" " ind2=" ">
    <subfield code="0">0</subfield>
    <subfield code="1">0</subfield>
    <subfield code="2">ddc</subfield>
    <subfield code="4">0</subfield>
    <subfield code="7">0</subfield>
    <subfield code="a">LV</subfield>
    <subfield code="b">LV</subfield>
    <subfield code="c">Pensamiento</subfield>
    <subfield code="d">2014-05-19</subfield>
    <subfield code="l">0</subfield>
    <subfield code="o">701 D194m</subfield>
    <subfield code="p">000121</subfield>
    <subfield code="r">2014-05-19 00:00:00</subfield>
    <subfield code="w">2014-05-19</subfield>
    <subfield code="y">01</subfield>
  </datafield>
</record>
